Inteligencia emocional para jóvenes: programa práctico de entrenamiento emocional

Αποθηκεύτηκε σε:
Λεπτομέρειες βιβλιογραφικής εγγραφής
Κύριος συγγραφέας: Galindo, Antonio (Συγγραφέας)
Μορφή: Βιβλίο
Γλώσσα:Ισπανικά
Έκδοση: Madrid Pearson Educación 2003
Θέματα:
Ετικέτες: Προσθήκη ετικέτας
Δεν υπάρχουν, Καταχωρήστε ετικέτα πρώτοι!

MARC

LEADER 00000nam a2200000 a 4500
001 UCI3597
003 CL-VaPUC
008 071116e20030000SP |||||||||||||||||spa|d
020 |a 8420537187 
082 0 4 |a 370.15  |b GAL  |2 21 
100 0 |a Galindo, Antonio  |e author  |9 524995 
245 1 0 |a Inteligencia emocional para jóvenes: programa práctico de entrenamiento emocional 
300 |a 245 p 
942 |c BK 
945 |d 20071116 00:00:00  |a jtorresc 
260 |a Madrid  |b Pearson Educación  |c 2003 
650 0 |a Psicología educacional   |9 307830 
650 0 |a Motivación   |9 315362 
650 0 |a Aprendizaje   |9 254827 
650 0 |a Procesos de aprendizaje  |9 309161 
650 0 |a Inteligencia  |9 267038 
650 0 |a Trastornos del aprendizaje  |9 307969 
650 0 |a Trastornos del comportamiento  |9 311363 
583 |a last modification  |c 20071116 00:00:00  |k Rodrigo Vera 
999 |c 327741  |d 327739 
952 |0 0  |1 0  |4 0  |6 370_150000000000000_GAL_2003  |7 0  |8 A  |9 411135  |a BIBMAT  |b BIBMAT  |c E_DIDACT  |d 2019-11-22  |i 4389751  |l 2  |m 4  |o 370.15 GAL 2003  |p 4389751  |r 2025-01-07  |s 2021-12-14  |w 2019-11-22  |y BK  |k MAT